عرض عادي عرض مارك
  • Melvin, Michael,

مدخل إسم شخص

عدد التسجيلات المستخدمة في: 1

001 - رقم الضبط

  • حقل الضبط: 44849

003 - معرف رقم الضبط

  • حقل الضبط: OSt

005 - تاريخ ووقت أخر عملية

  • حقل الضبط: 20140513090738.0

008 - عناصر بيانات ثابتة الطول

  • حقل تحكم ثابت الطول: 140513|||a|||||| | ||| d

040 ## - مصدر الفهرسة

  • هيئة الفهرسة الأصلية: OSt
  • وكالة الكتابة: OSt

100 ## - مدخل -- أسم شخص

  • إسم شخص: Melvin, Michael,
  • تواريخ مرتبطة بالاسم: 1948-

670 ## - بيانات المصدر موجوده

  • الاستشهاد بالمصدر: Work cat.: (OSt): Husted, Steven L. 44848, International economics /, 2010